000 01249cam a22003617a 4500
003 CHAP
005 20220329142613.0
008 020403d1998 us a r 00110 eng d
010 _a85561
011 _a86533
020 _a0815315619
035 _a97071
040 _cCHAP
082 0 4 _a509
_bB83
100 0 0 _aBud, Robert
_eed.
_915916
245 1 0 _aInstruments of science :
_ban historical encyclopedia
_c/ed. by Robert Bud & Deborah Jean Warner
260 _aLondon :
_bThe Science Museum,
_c1998.
490 0 _aGarland encyclopedias in the history of science ; v.2
590 _aBATCH-UPD
_b10
_c20130110
_lUCH01
_h0410
590 _aBATCH-UPD
_b10
_c20130110
_lUCH01
_h2015
590 _aBATCH-UPD
_b10
_c20130410
_lUCH01
_h0044
590 _aBATCH-UPD
_b10
_c20130914
_lUCH01
_h0754
590 _aCONVERSION
_b10
_c20130109
_lUCH01
_h1347
650 1 4 _aCiencia
_xDiccionarios.
_923114
650 1 4 _aCiencia
_xHistoria.
_923125
650 1 4 _aCiencia
_xInvestigación.
_923126
700 0 0 _aWarner, Deborah Jean
_eed.
_9121090
830 0 0 _aGarland encyclopedias in the history of science ; v.2
_946902
901 _aBK
905 _aMayto Villalobos S.
942 _cLIBRO
949 _a509 B83
_bBC
_cC
_d33724000865937
_eC
_h102248
_i97071
_si
_t$1.866
999 _c85561
_d85561